01487nam a2200277 a 450000100100000000500170001000800410002702000150006802000150008304000250009808200150012310000490013824501590018726000800034630000200042649000390044649000200048550000730050570000510057883000660062995201280069595201280082395201220095195201190107399900170119200002812220241015140953.0110406s2005 dr r 000 0 spa d a9993499730 a9993499749 aDO-SdBNPbspacBNPHU axxxbS267p1 aSaviñón M., Ramón Emiliod1929-95512810aEl peso oro dominicano :borigen, evolución y devaluación a través de su historia /cRamón Emilio Saviñón M.; edición Emilio Cordero Michel. aSanto Domingo :bAcademia Dominicana de la Historia,c2005.fEditora Búho a28 p. ;c22 cm.1 aAcademia dominicana de la historia aConferenciav69 aIncluye referencias bibloagráficas y notas al pie de las páginas1 aCordero Michel, Emilio,d1929-2018eed.944029 0aAcademia dominicana de la historia ;pconferenciasv69955129 001054708DSaGRbGRcCTd2011-04-07iLF1l0oxxx S267pp28122-30r2020-06-25te. 3w2020-06-25yLFDSZPréstamo en sala 001054708DSaGRbGRcCTd2011-05-03iLF1l0oxxx S267pp28122-50r2020-06-25te. 5w2020-06-25yLFDSZPréstamo en sala 001054708PDaPDbPDcCTd2011-04-06iLF1l0oxxx S267pp28122-10r2020-06-25w2020-06-25yLFPDZPréstamo en sala 0010718PDaPDbPDcCTd2011-04-07iLF1l0oxxx S267pp28122-20r2020-06-25te. 2w2020-06-25yLFPDZNo se presta c27614d27614